000 00920nam a22003017a 4500
003 CHAP
005 20220329134207.0
008 971013s1974 r 00010 d
010 _a16779
011 _a17751
035 _a21835
040 _cCHAP
082 _a633
_bJ3 1974
100 0 0 _aJanick, Jules.
_961050
245 _aPlant science; an introduction to world crops
250 _a2 ed.
260 _aSan Francisco, Cal., :
_bW. H. Freeman,
_c1974
300 _a740 p.
_b: ilus. ; gráfs
490 _aA series of books in agricultural sciences
590 _aBATCH-UPD
_b10
_c20130110
_lUCH01
_h1104
590 _aCONVERSION
_b10
_c20130109
_lUCH01
_h1310
650 1 4 _aCultivos y clima.
_930392
650 1 4 _aCultivos.
_930221
830 0 _aA series of books in agricultural sciences
_989
901 _aBK
942 _cLIBRO
949 _a633 J3 1974
_bBC
_cLIBRO
_d33724000189528
_eLIBRO
_h28147
_i21835
_mD
_si
999 _c16779
_d16779